000 00351 a2200157 4500
001 151295
040 _cEscola São Tomás de Aquino
100 _aJOSÉ, Elias
240 1 0 _aum jeito bom de brincar
_lpor
245 1 0 _aum jeito bom de brincar
300 _a47
362 0 _a2002
440 1 _aFTD
697 _a*LITERATURA INFANTO
942 _cBK
999 _c151295
_d151295